000 00344 a2200133 4500
000 nam a22 7a 4500
100 _aApplied Environmental Science
110 _aApplied Environmental Science
245 _aApplied Environmental Science
250 _alatest edition
260 _b Medtech
_c2020
264 _b Medtech
_c2020
942 _cBK
999 _c395764
_d395764